Statistics for Guess the Taylor Swift Song 2

Click here to take the quiz!

General Stats

  • This quiz has been taken 48 times
  • The average score is 220 of 321

Answer Stats

Answer% Correct
a
100%
an
100%
And
100%
and
100%
I
100%
me
100%
you?
100%
You
100%
you
100%
in
95%
it
95%
the
95%
to
95%
your
95%
Your
95%
too
93%
You're
93%
is
90%
on
90%
where
90%
be
88%
It's
88%
who
88%
Who
88%
not
86%
then
86%
all
83%
are
83%
like
83%
of
83%
this
83%
what
83%
Did
81%
did
81%
If
81%
know
81%
see
81%
at
79%
just
79%
now
79%
when
79%
been
76%
But
76%
Oh
76%
oh
76%
up
74%
can't
71%
have
71%
time
71%
Time
71%
us
71%
you've
69%
get
64%
never
64%
had
62%
still
62%
back
60%
out
60%
some
57%
has
55%
innocent
55%
new
55%
down
52%
night
52%
really
52%
You'll
52%
things
50%
late
48%
mind
48%
Wasn't
48%
growin'
45%
only
45%
wouldn't
45%
32
43%
Everyone
43%
everything
43%
into
43%
Always
40%
days?
40%
okay
40%
wait
40%
again
38%
alright
38%
bright
38%
guess
38%
lights
38%
Lost
38%
seen
38%
believed
36%
life
36%
remember
36%
string
36%
beautiful
33%
brand
33%
change
33%
everybody
33%
Left
33%
Septembers
33%
tightrope
33%
tough
33%
bigger
31%
crowd
31%
speak
31%
Today
31%
tryin'
31%
balance
29%
Before
29%
easier
29%
hope
29%
messed
29%
turns
29%
warpath
29%
weather
29%
bed
26%
catchin'
26%
crawl
26%
embers
26%
flames
26%
Someone
26%
'til
26%
brought
24%
caught
24%
firefly
24%
floor
24%
monsters
24%
live
21%
lunchbox
21%
ooh
21%
reach
21%
shattered
21%
yourself
21%
asleep
19%
fell
19%
wild
17%
Minds
14%
runnin'
14%

Score Distribution

Percentile by Number Answered

Percent of People with Each Score

Your Score History

You have not taken this quiz